000 00500nam a22001697a 4500
005 20251108164133.0
008 250721s1992 xx 000 0 ara d
082 1 4 _a041/ابا
100 1 _aأباظه، ثروت
245 1 0 _aالزمن الممزق /
264 1 _aالقاهرة :
_bمؤسسة دار التعاون للطبع و النشر،
_c1992.
300 _a187ص
490 0 _aكتاب التعاون
650 1 7 _aالمقالات العربية
942 _2ddc
_cBK
999 _c4555
_d4555